Library Banner

Culture: (Record no. 23841)

MARC details
000 -LEADER
fixed length control field 00441nam a2200169Ia 4500
001 - CONTROL NUMBER
control field 23618
008 - FIXED-LENGTH DATA ELEMENTS--GENERAL INFORMATION
fixed length control field 140410s9999 xx 000 0 und d
020 ## - INTERNATIONAL STANDARD BOOK NUMBER
International Standard Book Number 81-7649-280-9
040 ## - CATALOGING SOURCE
Transcribing agency PK-LaUMT
082 ## - DEWEY DECIMAL CLASSIFICATION NUMBER
Classification number 306
Item number SMI-C
100 ## - MAIN ENTRY--PERSONAL NAME
Personal name Mark J. Smith
245 ## - TITLE STATEMENT
Title Culture:
Remainder of title concepts in the social sceinces
Statement of responsibility, etc Mark J. Smith
260 ## - PUBLICATION, DISTRIBUTION, ETC. (IMPRINT)
Place of publication, distribution, etc New Delhi,India:
Name of publisher, distributor, etc Viva Books Private Limited,
Date of publication, distribution, etc 2002
300 ## - PHYSICAL DESCRIPTION
Extent 148 p.
546 ## - LANGUAGE NOTE
Language note EN
942 ## - ADDED ENTRY ELEMENTS (KOHA)
Koha item type Books
Holdings
Withdrawn status Lost status Damaged status Not for loan Home library Current library Date acquired Total Checkouts Full call number Barcode Date last seen Price effective from Koha item type
        UMT Main Campus UMT Main Campus 2014-04-10   306 SMI-C 26809 2014-04-24 2014-04-24 Books